| 000 | 01346nam a2200397Ii 4500 | ||
|---|---|---|---|
| 001 | DIGSLX0202 | ||
| 003 | NyNyDIG | ||
| 006 | m o d | ||
| 007 | cr ||||||||||| | ||
| 008 | 100625s2000 sp o 000 0 spa d | ||
| 020 | _z8477370850 | ||
| 020 | _z9788477370857 | ||
| 035 | _a(OCoLC)888277901 | ||
| 040 |
_aDGITA _beng _epn _cDGITA |
||
| 043 | _ae-sp--- | ||
| 050 | 1 | 4 | _aPQ7011.M3 eBook |
| 100 | 1 |
_aGómez Porro, Francisco, _d1958- |
|
| 245 | 1 | 3 |
_aLa conquista de Madrid : _bpaletos, provincianos e inmigrantes / _cFrancisco Gómez-Porro. |
| 264 | 1 |
_aMadrid : _bSílex, _cc2000. |
|
| 300 | _a1 online resource (229 pages) | ||
| 336 |
_atext _btxt _2rdacontent |
||
| 337 |
_acomputer _bc _2rdamedia |
||
| 338 |
_aonline resource _bcr _2rdacarrier |
||
| 490 | 1 |
_aBiblioteca de Madrid ; _v2. |
|
| 650 | 0 |
_aSpanish literature _zSpain _zMadrid _xHistory and criticism. |
|
| 651 | 0 |
_aMadrid (Spain) _xIn literature. |
|
| 650 | 0 |
_aMigration, Internal _zSpain. |
|
| 650 | 0 | _aMigration, Internal, in literature. | |
| 655 | 0 | _aElectronic books. | |
| 791 | 2 |
_aDigitalia (Firm), _edistributor. |
|
| 830 | 0 |
_aBiblioteca de Madrid ; _v2. |
|
| 793 | 0 |
_gDigitalia eBook Collection: _aSílex. |
|
| 856 | 4 | 0 |
_3Digitalia Hispánica _uhttps://www.digitaliapublishing.com/a/1233/ |
| 910 | _aPremium Collection: 2007-2012 | ||
| 942 | _cRAA | ||
| 999 |
_c230082 _d230082 |
||